| 000 | 00589nam a2200145Ia 4500 | ||
|---|---|---|---|
| 008 | 191108s9999 xx 000 0 und d | ||
| 020 | _a978-971-93287-7-3 | ||
| 100 | _aEstanislao, Jesus | ||
| 245 |
_cJesus Estanislao .-- _aBuilding a national legacy : _bLaying the foundations for governance and strategy execution / |
||
| 260 |
_aMakati City : _bInstitute for Solidarity in Asia, Inc. _c2011 |
||
| 300 |
_a338 pages : _bblack & white graphs |
||
| 500 | _aIncludes appendix and index. | ||
| 650 | _aCorporate governance -- Philippines | ||
| 650 | _aTotal quality management in government. | ||
| 999 |
_c362488 _d362488 |
||